| LEADER 00000nama 2200000uu 4500 |
| 001 201379 |
| 003 ULIBM |
| 008 040531s|||| th m m a000 0 tha d |
| 020 978-616-11-0011-7
|
| 041 tha
|
| 050 WM274 ม453 2553
|
| 100 มานิต ศรีสุรภานนท์.
|
| 245 การทบทวนองค์ความรู้ เรื่อง การบำบัดแบบสั้นในผู้มีปัญหาการดื่มสุรา = A literature Review Drug Treatment for people with Alcoholism/มานิต ศรีสุรภานนท์.
|
| 250 พิมพ์ครั้งที่ 3.
|
| 260 เชียงใหม่. วนิดาการพิมพ์. 2553.
|
| 300 28 หน้า.
|
| 500 หนังสือบริจาค.
|
| 600 I.แผนงานการพัฒนาระบบ รูปแบบ และวิธีการบำบัดรักษา ผู้มีปัญหาการบริโภคสุราแบบบูรณาการ II.โรงพยาบาลสวนปรุง.
|
| 650 1.Drug Treatment for people with Alcoholism 2.พิษสุราเรื้อรัง--การรักษาด้วยยา 3.คนติดสุรา--การรักษาด้วยยา.
|
| 995 001
|
| 999 ^aใช้งานได้ทุกระบบ
|